Tizkaar e Risalat Vol I [Urdu] (Record no. 269022)

000 -LEADER
fixed length control field 00232 a2200097 4500
001 - CONTROL NUMBER
control field 33949
090 ## - LOCALLY ASSIGNED LC-TYPE CALL NUMBER (OCLC); LOCAL CALL NUMBER (RLIN)
-- 22514
-- 22514
100 ## - MAIN ENTRY--PERSONAL NAME
Personal name Tahir Ul Qadri, Prof Dr.
245 ## - TITLE STATEMENT
Title Tizkaar e Risalat Vol I [Urdu]
260 ## - PUBLICATION, DISTRIBUTION, ETC.
Place of publication, distribution, etc.
Name of publisher, distributor, etc. Minhaj ul Quran
Date of publication, distribution, etc.
942 ## - ADDED ENTRY ELEMENTS (KOHA)
Institution code [OBSOLETE] NUST-CAE
Koha item type
--
Holdings
Withdrawn status Lost status Damaged status Not for loan Collection code Permanent Location Current Location Date acquired Total Checkouts Barcode Date last seen Price effective from Koha item type
          College of Aeronautical Engineering (CAE) College of Aeronautical Engineering (CAE) 04/03/2017   CAEG-5440 04/05/2017 04/05/2017 Book
© 2023 Central Library, National University of Sciences and Technology. All Rights Reserved.